| 000 | 00376nam a22001697a 4500 | ||
|---|---|---|---|
| 003 | UA-OsUOA | ||
| 001 | 1377 | ||
| 007 | ta | ||
| 008 | 20050721b un ||||| |||| 00| 0 ukr d | ||
| 100 | _aCollot | ||
| 700 | _aMichel | ||
| 942 | _cBK | ||
| 040 |
_aUA-OsUOA _cUA-OsUOA _dUA-OsUOA |
||
| 245 |
_aAu Plaisir des Mots 4e. Lectureset Langage. _bFrench |
||
| 955 | _a2 | ||
| 650 | 7 | _2UDC | |
| 999 |
_c287539 _d287539 |
||